[Event "Calgary int."]
[Site "Calgary CAN"]
[Date "2022.09.23"]
[Round "6"]
[White "Ng, Gary"]
[Black "Bitan, B."]
[Result "1/2-1/2"]
[WhiteElo "2241"]
[BlackElo "2395"]
[PlyCount "31"]
[EventDate "2022.09.20"]
[EventType "tourn"]
[EventRounds "9"]
[EventCountry "CAN"]
[Source "Mark Crowther"]
[SourceDate "2022.10.10"]

1. d4 Nf6 2. Bf4 g6 3. Nc3 d5 4. e3 Bg7 5. h4 Bf5 6. Nf3 c6 7. Ne5 h5 8. Qd2
Nfd7 9. O-O-O Nxe5 10. Bxe5 Bxe5 11. dxe5 Nd7 12. f4 Nc5 13. Be2 Qb6 14. Bf3
O-O-O 15. Qd4 Ne6 16. Qxb6 1/2-1/2

[Event "Calgary int."]
[Site "Calgary CAN"]
[Date "2022.09.23"]
[Round "6"]
[White "Sevillano, E."]
[Black "Panchanathan, M."]
[Result "0-1"]
[WhiteElo "2406"]
[BlackElo "2470"]
[PlyCount "60"]
[EventDate "2022.09.20"]
[EventType "tourn"]
[EventRounds "9"]
[EventCountry "CAN"]
[Source "Mark Crowther"]
[SourceDate "2022.10.10"]

1. e4 e5 2. Nf3 Nc6 3. Bb5 a6 4. Ba4 Nf6 5. d3 d6 6. c4 Be7 7. Nc3 O-O 8. h3 h6
9. Be3 Nh7 10. g4 Rb8 11. Qd2 Bd7 12. Bd1 Ng5 13. Nxg5 Bxg5 14. h4 Bxh4 15.
Bxh6 Nd4 16. Be3 Ne6 17. Nd5 Re8 18. Be2 b5 19. g5 Bxg5 20. O-O-O c6 21. Rdg1
Bxe3 22. Qxe3 cxd5 23. Qh6 Kf8 24. Qh8+ Ke7 25. Qh4+ g5 26. Rxg5 Rf8 27. Rg8+
Ke8 28. Qh8 dxe4 29. Bg4 Rxg8 30. Qxg8+ Nf8 0-1

[Event "Calgary int."]
[Site "Calgary CAN"]
[Date "2022.09.23"]
[Round "6"]
[White "Tolentino, Patrick Angelo"]
[Black "Dukic, Zachary"]
[Result "1/2-1/2"]
[WhiteElo "1944"]
[BlackElo "2218"]
[PlyCount "81"]
[EventDate "2022.09.20"]
[EventType "tourn"]
[EventRounds "9"]
[EventCountry "CAN"]
[Source "Mark Crowther"]
[SourceDate "2022.10.10"]

1. e4 c5 2. Nf3 Nc6 3. d4 cxd4 4. Nxd4 Nf6 5. Nc3 e5 6. Ndb5 d6 7. Bg5 a6 8.
Na3 b5 9. Nd5 Be7 10. Bxf6 Bxf6 11. c3 Ne7 12. Nxf6+ gxf6 13. Nc2 Bb7 14. Bd3
d5 15. Qe2 Qb6 16. O-O-O O-O-O 17. exd5 Nxd5 18. g3 Kb8 19. Rhe1 Qa5 20. Kb1 e4
21. Bxe4 Rhe8 22. Qf3 Nxc3+ 23. bxc3 Rxd1+ 24. Qxd1 Bxe4 25. Qd6+ Qc7 26. Qxc7+
Kxc7 27. Kb2 Kd6 28. f3 Bc6 29. Rxe8 Bxe8 30. f4 Kd5 31. Ne3+ Ke4 32. Ng4 Kf5
33. Nf2 Ke6 34. Kc2 f5 35. Nd1 Kd5 36. Kd3 Bd7 37. a3 Kc5 38. Ne3 Be6 39. Kd2
Bd7 40. Kd3 Be6 41. Kd2 1/2-1/2

[Event "Calgary int."]
[Site "Calgary CAN"]
[Date "2022.09.24"]
[Round "7"]
[White "Bitan, B."]
[Black "Sevillano, E."]
[Result "1/2-1/2"]
[WhiteElo "2395"]
[BlackElo "2406"]
[PlyCount "37"]
[EventDate "2022.09.20"]
[EventType "tourn"]
[EventRounds "9"]
[EventCountry "CAN"]
[Source "Mark Crowther"]
[SourceDate "2022.10.10"]

1. d4 d5 2. c4 e6 3. Nc3 c6 4. Nf3 Nf6 5. Bg5 dxc4 6. e4 b5 7. e5 h6 8. Bh4 g5
9. Nxg5 hxg5 10. Bxg5 Nbd7 11. exf6 Qa5 12. Be2 Bb7 13. Bf3 O-O-O 14. Qe2 Bh6
15. Bxh6 Rxh6 16. Qe3 Rdh8 17. a3 Nxf6 18. O-O-O Qc7 19. Qe5 1/2-1/2

[Event "Calgary int."]
[Site "Calgary CAN"]
[Date "2022.09.24"]
[Round "7"]
[White "Dukic, Zachary"]
[Black "Malek, O."]
[Result "1-0"]
[WhiteElo "2218"]
[BlackElo "2033"]
[PlyCount "69"]
[EventDate "2022.09.20"]
[EventType "tourn"]
[EventRounds "9"]
[EventCountry "CAN"]
[Source "Mark Crowther"]
[SourceDate "2022.10.10"]

1. e4 c5 2. Nf3 Nc6 3. d4 cxd4 4. Nxd4 Nf6 5. Nc3 e5 6. Ndb5 d6 7. Nd5 Nxd5 8.
exd5 Nb8 9. a4 Be7 10. Bd2 O-O 11. Be2 f5 12. O-O Nd7 13. a5 f4 14. f3 Nf6 15.
Bb4 Bf5 16. Bd3 g6 17. c4 a6 18. Nc3 Rc8 19. Na4 Nd7 20. Rc1 Qc7 21. Kh1 Qb8
22. Be1 Qc7 23. b4 Qd8 24. c5 dxc5 25. d6 Bh4 26. Bxh4 Qxh4 27. bxc5 e4 28.
fxe4 Bg4 29. Bc4+ Kg7 30. Qd4+ Kh6 31. e5 Rf5 32. Rxf4 Rxf4 33. Qxf4+ g5 34.
Qe3 Rf8 35. e6 1-0

[Event "Calgary int."]
[Site "Calgary CAN"]
[Date "2022.09.24"]
[Round "7"]
[White "Morozov, G."]
[Black "Tolentino, Patrick Angelo"]
[Result "1/2-1/2"]
[WhiteElo "2363"]
[BlackElo "1944"]
[PlyCount "146"]
[EventDate "2022.09.20"]
[EventType "tourn"]
[EventRounds "9"]
[EventCountry "CAN"]
[Source "Mark Crowther"]
[SourceDate "2022.10.10"]

1. d4 Nf6 2. c4 g6 3. Nc3 Bg7 4. e4 d6 5. Nf3 O-O 6. Be2 e5 7. dxe5 dxe5 8.
Qxd8 Rxd8 9. Bg5 Rf8 10. Nd5 Nxd5 11. cxd5 c6 12. Bc4 b5 13. Bb3 a5 14. a3 a4
15. Ba2 c5 16. Be7 Nd7 17. Bxf8 Bxf8 18. Bb1 c4 19. Bc2 Bd6 20. Ng1 Nc5 21. Ne2
Bd7 22. f3 Nb7 23. g4 Bc5 24. Kd2 Re8 25. Nc3 Nd6 26. h4 h6 27. Raf1 Bd4 28. g5
h5 29. f4 exf4 30. Rxf4 Be5 31. Rf6 Kf8 32. Rhf1 Ke7 33. Kc1 Ra8 34. Na2 Rc8
35. Nb4 Be8 36. Kb1 Rc7 37. R6f3 Rc8 38. Ka2 Bd7 39. Bd1 Be8 40. Re3 Bd7 41.
Bf3 Bg3 42. Rh1 Be5 43. Bg2 Bd4 44. Re2 c3 45. Rc1 Bg4 46. Rec2 Be3 47. bxc3
Bxc1 48. Rxc1 Nc4 49. Nc6+ Kd6 50. Rf1 Ne3 51. Rf6+ Kc5 52. Bf1 Nd1 53. Bd3 Re8
54. Rf4 Be2 55. Bc2 Bc4+ 56. Kb1 Nxc3+ 57. Kb2 Bxd5 58. exd5 Nxd5 59. Rxf7 Kxc6
60. Bxg6 Re2+ 61. Kc1 Re3 62. Bxh5 Rxa3 63. Bf3 Kd6 64. g6 Ra1+ 65. Kb2 Rg1 66.
g7 b4 67. h5 a3+ 68. Kb3 Rb1+ 69. Kc4 Rc1+ 70. Kb3 Rc3+ 71. Ka2 Rc2+ 72. Kb3
Rc3+ 73. Ka2 Rc2+ 1/2-1/2

[Event "Calgary int."]
[Site "Calgary CAN"]
[Date "2022.09.24"]
[Round "7"]
[White "Ng, Gary"]
[Black "Jaferian, K."]
[Result "1/2-1/2"]
[WhiteElo "2241"]
[BlackElo "2236"]
[PlyCount "64"]
[EventDate "2022.09.20"]
[EventType "tourn"]
[EventRounds "9"]
[EventCountry "CAN"]
[Source "Mark Crowther"]
[SourceDate "2022.10.10"]

1. d4 d5 2. Bf4 Nf6 3. e3 c5 4. dxc5 e6 5. b4 a5 6. c3 Nc6 7. Bb5 Bd7 8. Qb3
axb4 9. cxb4 Ne4 10. Nc3 Qf6 11. Nge2 g5 12. Bg3 h5 13. Rc1 Nxc3 14. Nxc3 h4
15. Bc7 h3 16. g3 d4 17. Ne2 dxe3 18. fxe3 Bg7 19. Rf1 Qb2 20. Bxc6 Bxc6 21.
Qxb2 Bxb2 22. Rc2 Rxa2 23. Kf2 Bd5 24. Rd1 Bf6 25. Rxa2 Bxa2 26. e4 O-O 27. Rd2
Bc4 28. Ba5 Rb8 29. Bc7 Ra8 30. Ba5 Rb8 31. Bc7 Ra8 32. Ba5 Rb8 1/2-1/2

[Event "Calgary int."]
[Site "Calgary CAN"]
[Date "2022.09.24"]
[Round "7"]
[White "Panchanathan, M."]
[Black "Haessel, Dale"]
[Result "1-0"]
[WhiteElo "2470"]
[BlackElo "2082"]
[PlyCount "34"]
[EventDate "2022.09.20"]
[EventType "tourn"]
[EventRounds "9"]
[EventCountry "CAN"]
[Source "Mark Crowther"]
[SourceDate "2022.10.10"]

1. Nf3 Nf6 2. g3 g6 3. Bg2 Bg7 4. O-O d5 5. c4 c6 6. cxd5 cxd5 7. Qa4+ Nc6 8.
Ne5 Qb6 9. Nc3 O-O 10. Nxc6 bxc6 11. Qc2 e5 12. d3 Qc5 13. Bd2 d4 14. b4 Qd6
15. Nb5 Qb8 16. Qxc6 Bg4 17. Nc7 Qb6 1-0

[Event "Calgary int."]
[Site "Calgary CAN"]
[Date "2022.09.24"]
[Round "8"]
[White "Haessel, Dale"]
[Black "Bitan, B."]
[Result "1/2-1/2"]
[WhiteElo "2082"]
[BlackElo "2395"]
[PlyCount "65"]
[EventDate "2022.09.20"]
[EventType "tourn"]
[EventRounds "9"]
[EventCountry "CAN"]
[Source "Mark Crowther"]
[SourceDate "2022.10.10"]

1. d4 Nf6 2. c4 g6 3. Nc3 Bg7 4. e4 d6 5. Be2 O-O 6. Nf3 e5 7. O-O Nbd7 8. d5
Nc5 9. Qc2 a5 10. b3 Bd7 11. Rb1 b6 12. Nd2 Bh6 13. a3 Ne8 14. b4 Nb7 15. Nb3
Bxc1 16. Nxc1 f5 17. f4 exf4 18. Rxf4 Qg5 19. Nd3 Nf6 20. exf5 Bxf5 21. Rbf1
Rae8 22. h4 Qh6 23. g4 Bxd3 24. Qxd3 Qxh4 25. Nb5 Nxg4 26. Rxg4 Rxf1+ 27. Kxf1
Rf8+ 28. Kg1 Qf2+ 29. Kh1 Qe1+ 30. Kh2 Rf2+ 31. Rg2 Rf4 32. Rxg6+ hxg6 33.
Qxg6+ 1/2-1/2

[Event "Calgary int."]
[Site "Calgary CAN"]
[Date "2022.09.24"]
[Round "8"]
[White "Jaferian, K."]
[Black "Dukic, Zachary"]
[Result "1/2-1/2"]
[WhiteElo "2236"]
[BlackElo "2218"]
[PlyCount "45"]
[EventDate "2022.09.20"]
[EventType "tourn"]
[EventRounds "9"]
[EventCountry "CAN"]
[Source "Mark Crowther"]
[SourceDate "2022.10.10"]

1. d4 Nf6 2. Bg5 g6 3. Bxf6 exf6 4. e3 Bg7 5. g3 O-O 6. Bg2 f5 7. Ne2 d6 8. O-O
Nd7 9. c4 Nf6 10. Nbc3 h5 11. b4 h4 12. Qd3 hxg3 13. hxg3 Rb8 14. b5 b6 15. Nf4
a5 16. Ncd5 Nxd5 17. Bxd5 Qf6 18. Kg2 Bh6 19. Rh1 Bxf4 20. gxf4 Kg7 21. Rh3 Bd7
22. Rah1 Rh8 23. Rxh8 1/2-1/2

[Event "Calgary int."]
[Site "Calgary CAN"]
[Date "2022.09.24"]
[Round "8"]
[White "Malek, O."]
[Black "Morozov, G."]
[Result "0-1"]
[WhiteElo "2033"]
[BlackElo "2363"]
[PlyCount "74"]
[EventDate "2022.09.20"]
[EventType "tourn"]
[EventRounds "9"]
[EventCountry "CAN"]
[Source "Mark Crowther"]
[SourceDate "2022.10.10"]

1. d4 d5 2. Nf3 c6 3. Bf4 Nf6 4. e3 Qb6 5. b3 Bf5 6. Nbd2 h6 7. c4 e6 8. a3
Nbd7 9. b4 Ne4 10. Nxe4 Bxe4 11. Nd2 g5 12. c5 Qd8 13. Bg3 Bg6 14. Nb3 Nf6 15.
Be5 Bg7 16. Na5 Qd7 17. h4 g4 18. Bd3 Bxd3 19. Qxd3 Rg8 20. f3 Bh8 21. O-O-O
Nh5 22. Bd6 f5 23. a4 b6 24. Nb3 Bf6 25. e4 Kf7 26. exf5 exf5 27. fxg4 Rxg4 28.
Rhf1 Kg6 29. g3 Re8 30. Rde1 Rxe1+ 31. Rxe1 bxc5 32. bxc5 Re4 33. Rxe4 fxe4 34.
Qe2 Qh3 35. Qa6 Nxg3 36. Qxc6 Ne2+ 37. Kb2 Qxb3+ 0-1

[Event "Calgary int."]
[Site "Calgary CAN"]
[Date "2022.09.24"]
[Round "8"]
[White "Sevillano, E."]
[Black "Ng, Gary"]
[Result "1-0"]
[WhiteElo "2406"]
[BlackElo "2241"]
[PlyCount "36"]
[EventDate "2022.09.20"]
[EventType "tourn"]
[EventRounds "9"]
[EventCountry "CAN"]
[Source "Mark Crowther"]
[SourceDate "2022.10.10"]

1. e4 b6 2. d4 Bb7 3. Nd2 e6 4. Ngf3 d5 5. Bd3 Nf6 6. Qe2 Be7 7. O-O O-O 8. Re1
c5 9. exd5 Qxd5 10. c4 Qh5 11. d5 Bd6 12. dxe6 Re8 13. exf7+ Kxf7 14. Ne4 Kf8
15. Nxf6 gxf6 16. Bh6+ Qxh6 17. Qxe8+ Kg7 18. Re7+ Bxe7 1-0

[Event "Calgary int."]
[Site "Calgary CAN"]
[Date "2022.09.24"]
[Round "8"]
[White "Tolentino, Patrick Angelo"]
[Black "Panchanathan, M."]
[Result "0-1"]
[WhiteElo "1944"]
[BlackElo "2470"]
[PlyCount "86"]
[EventDate "2022.09.20"]
[EventType "tourn"]
[EventRounds "9"]
[EventCountry "CAN"]
[Source "Mark Crowther"]
[SourceDate "2022.10.10"]

1. e4 e5 2. Nf3 Nc6 3. Bb5 a6 4. Ba4 Nf6 5. O-O Be7 6. Re1 d6 7. c3 O-O 8. h3
Bd7 9. d4 Re8 10. Nbd2 Bf8 11. Bc2 g6 12. Nf1 Bg7 13. Ng3 a5 14. a3 a4 15. Bg5
b5 16. Qd2 Na5 17. Rad1 Nc4 18. Qc1 Qe7 19. Bd3 Na5 20. Bc2 Rad8 21. dxe5 dxe5
22. Rd5 Nc4 23. Rd3 Be6 24. Red1 Rxd3 25. Bxd3 c6 26. Bxc4 Bxc4 27. Bh6 Bxh6
28. Qxh6 Nd7 29. Qd2 Nc5 30. Qd6 Qxd6 31. Rxd6 Nd3 32. Rxc6 Nxb2 33. Rd6 Bb3
34. Nd2 Rc8 35. Ne2 Bd1 36. Kf1 Bxe2+ 37. Kxe2 Rxc3 38. Rd5 Rxa3 39. Rxb5 Ra2
40. Rb4 a3 41. Nb1 Na4+ 42. Kd1 Ra1 43. Ke2 a2 0-1

[Event "Calgary int."]
[Site "Calgary CAN"]
[Date "2022.09.25"]
[Round "9"]
[White "Bitan, B."]
[Black "Tolentino, Patrick Angelo"]
[Result "1/2-1/2"]
[WhiteElo "2395"]
[BlackElo "1944"]
[PlyCount "68"]
[EventDate "2022.09.20"]
[EventType "tourn"]
[EventRounds "9"]
[EventCountry "CAN"]
[Source "Mark Crowther"]
[SourceDate "2022.10.10"]

1. c4 Nf6 2. Nc3 g6 3. g3 Bg7 4. Bg2 O-O 5. e4 c5 6. Nge2 Nc6 7. O-O a6 8. Rb1
Rb8 9. d3 d6 10. h3 b5 11. b3 Ne8 12. Nd5 Nc7 13. f4 Ne6 14. f5 Ned4 15. Nxd4
Nxd4 16. Bg5 f6 17. Be3 e6 18. Bxd4 cxd4 19. Nf4 exf5 20. exf5 Bxf5 21. Bd5+
Kh8 22. Be6 Bh6 23. Bxf5 Bxf4 24. Rxf4 gxf5 25. Qf3 Qa5 26. Qf2 Rg8 27. g4 Qc3
28. Qxd4 Qxd4+ 29. Rxd4 fxg4 30. hxg4 f5 31. Rxd6 Rxg4+ 32. Kf2 bxc4 33. dxc4
Re8 34. Re1 Rf4+ 1/2-1/2

[Event "Calgary int."]
[Site "Calgary CAN"]
[Date "2022.09.25"]
[Round "9"]
[White "Morozov, G."]
[Black "Dukic, Zachary"]
[Result "1/2-1/2"]
[WhiteElo "2363"]
[BlackElo "2218"]
[PlyCount "27"]
[EventDate "2022.09.20"]
[EventType "tourn"]
[EventRounds "9"]
[EventCountry "CAN"]
[Source "Mark Crowther"]
[SourceDate "2022.10.10"]

1. d4 Nf6 2. c4 g6 3. Nc3 d5 4. Bf4 Bg7 5. e3 O-O 6. cxd5 Nxd5 7. Nxd5 Qxd5 8.
Bxc7 Na6 9. Bxa6 Qxg2 10. Qf3 Qxf3 11. Nxf3 bxa6 12. Rg1 Be6 13. Rg5 f5 14. Ba5
1/2-1/2

[Event "Calgary int."]
[Site "Calgary CAN"]
[Date "2022.09.25"]
[Round "9"]
[White "Ng, Gary"]
[Black "Haessel, Dale"]
[Result "0-1"]
[WhiteElo "2241"]
[BlackElo "2082"]
[PlyCount "76"]
[EventDate "2022.09.20"]
[EventType "tourn"]
[EventRounds "9"]
[EventCountry "CAN"]
[Source "Mark Crowther"]
[SourceDate "2022.10.10"]

1. d4 d5 2. Bf4 c5 3. e3 cxd4 4. exd4 Nc6 5. c3 Bf5 6. Qb3 Qd7 7. Nd2 e6 8.
Ngf3 f6 9. Be2 g5 10. Bg3 h5 11. h4 g4 12. Nh2 Nge7 13. f3 Rg8 14. fxg4 hxg4
15. Qd1 e5 16. Nb3 Bh6 17. Nc5 Qc8 18. Qa4 Kf7 19. Nd3 exd4 20. O-O Be3+ 21.
Kh1 Be4 22. Nc5 d3 23. Bxd3 Bxc5 24. Bxe4 dxe4 25. Qc4+ Qe6 26. Rxf6+ Kxf6 27.
Rf1+ Nf5 28. Qxc5 Rad8 29. Qf2 e3 30. Qf4 e2 31. Re1 Ke7 32. Bf2 Rd1 33. Nxg4
Rxe1+ 34. Bxe1 Ng3+ 35. Qxg3 Rxg4 36. Qd3 Qe4 37. Qh3 Ne5 38. h5 Qb1 0-1

[Event "Calgary int."]
[Site "Calgary CAN"]
[Date "2022.09.25"]
[Round "9"]
[White "Panchanathan, M."]
[Black "Malek, O."]
[Result "1-0"]
[WhiteElo "2470"]
[BlackElo "2033"]
[PlyCount "37"]
[EventDate "2022.09.20"]
[EventType "tourn"]
[EventRounds "9"]
[EventCountry "CAN"]
[Source "Mark Crowther"]
[SourceDate "2022.10.10"]

1. Nf3 c5 2. c4 Nc6 3. b3 Nf6 4. Bb2 d6 5. e3 Bg4 6. Be2 e5 7. O-O Be7 8. d4
exd4 9. exd4 O-O 10. Nbd2 d5 11. dxc5 Bxc5 12. Bxf6 gxf6 13. Nh4 f5 14. Bxg4
Qxh4 15. Bxf5 dxc4 16. Rc1 Qg5 17. Bd7 Ba3 18. Rxc4 Ne5 19. f4 1-0

[Event "Calgary int."]
[Site "Calgary CAN"]
[Date "2022.09.25"]
[Round "9"]
[White "Sevillano, E."]
[Black "Jaferian, K."]
[Result "1/2-1/2"]
[WhiteElo "2406"]
[BlackElo "2236"]
[PlyCount "86"]
[EventDate "2022.09.20"]
[EventType "tourn"]
[EventRounds "9"]
[EventCountry "CAN"]
[Source "Mark Crowther"]
[SourceDate "2022.10.10"]

1. e4 c6 2. c4 d5 3. exd5 cxd5 4. cxd5 Nf6 5. Nc3 Nxd5 6. Nf3 Nc6 7. Bc4 Nb6 8.
Bb3 Bf5 9. d4 e6 10. O-O Be7 11. d5 Nxd5 12. Nxd5 exd5 13. Qxd5 Qxd5 14. Bxd5
O-O 15. Bf4 Rac8 16. Bxc6 Rxc6 17. Nd4 Rc5 18. Rfe1 Be6 19. Rad1 Rd5 20. Nxe6
Rxd1 21. Rxd1 fxe6 22. Be3 a6 23. Kf1 Rd8 24. Rxd8+ Bxd8 25. Ke2 e5 26. Kd3 Kf7
27. Kc4 Ke6 28. Kc5 g6 29. h3 Bc7 30. b3 Bd8 31. g4 Bc7 32. Bg5 Ba5 33. a4 Bc7
34. Be3 Bd8 35. Bd2 Bc7 36. Bg5 Ba5 37. Be3 Bd8 38. Bd2 Bc7 39. b4 Bd8 40. b5
axb5 41. axb5 Bc7 42. Bg5 Ba5 43. Be3 Bc7 1/2-1/2

[Event "Canada Day op"]
[Site "Richmond CAN"]
[Date "2022.07.01"]
[Round "1.1"]
[White "Zhu, Brandon"]
[Black "Landre, Geraldo Barbosa"]
[Result "1-0"]
[WhiteElo "2176"]
[BlackElo "1879"]
[PlyCount "137"]
[EventDate "2022.07.01"]
[EventType "swiss"]
[EventRounds "6"]
[EventCountry "CAN"]

1. Nf3 e6 2. d4 d5 3. c4 Nf6 4. g3 Be7 5. Bg2 c6 6. O-O O-O 7. Qa4 b6 8. Ne5
Bb7 9. Nc3 dxc4 10. Qxc4 Nd5 11. Qa4 c5 12. Nxd5 Bxd5 13. e4 Bb7 14. d5 Qc7 15.
Nd3 exd5 16. exd5 Bd6 17. Bf4 Nd7 18. Rfd1 Nf6 19. Bxd6 Qxd6 20. Nf4 Rfe8 21.
h4 h6 22. Rd2 a6 23. Qc2 Bc8 24. Rc1 Bd7 25. a4 Rac8 26. Re2 Rxe2 27. Qxe2 b5
28. axb5 axb5 29. Ra1 c4 30. Qd2 b4 31. Rc1 Ba4 32. Nd3 b3 33. Qa5 Bd7 34. Nf4
Qe5 35. Qc3 Qd6 36. Qd4 Qc5 37. Qxc5 Rxc5 38. Bf3 Bf5 39. Rc3 Ne4 40. Bxe4 Bxe4
41. d6 Bf5 42. Kf1 Kf8 43. Ke2 Ke8 44. Kd2 Kd7 45. Rc1 Kxd6 46. Kc3 g5 47. hxg5
hxg5 48. Rd1+ Kc6 49. Ng2 Bd3 50. Ne3 Kb5 51. Kd4 Rc6 52. Kc3 Rf6 53. Ng4 Rc6
54. Ne3 Kc5 55. Ra1 Kb5 56. Ra8 Ra6 57. Rxa6 Kxa6 58. Nxc4 Bc2 59. Nd2 Kb6 60.
Nxb3 Be4 61. Kd4 Bc2 62. Nc5 Kc6 63. Ne4 g4 64. Nf6 Bd1 65. Ke5 Kc5 66. Kf4 Kd4
67. Nxg4 Be2 68. Ne5 Bh5 69. g4 1-0

[Event "Canada Day op"]
[Site "Richmond CAN"]
[Date "2022.07.01"]
[Round "1.2"]
[White "He, Matthew"]
[Black "Roback, Joe"]
[Result "0-1"]
[WhiteElo "1832"]
[BlackElo "2092"]
[PlyCount "144"]
[EventDate "2022.07.01"]
[EventType "swiss"]
[EventRounds "6"]
[EventCountry "CAN"]

1. d4 d5 2. Nf3 Nf6 3. c4 c6 4. e3 e6 5. b3 Nbd7 6. Bd3 Bd6 7. Bb2 O-O 8. O-O
b6 9. Nc3 Bb7 10. Qe2 Re8 11. e4 dxe4 12. Nxe4 Nxe4 13. Qxe4 Nf6 14. Qh4 h6 15.
Rad1 a5 16. a4 Rc8 17. Ne5 Qc7 18. Rfe1 c5 19. Re3 cxd4 20. Bxd4 Red8 21. Rde1
Bb4 22. Rg3 Kf8 23. Re2 Be7 24. Qf4 Bd6 25. Qe3 Bc5 26. Bxc5+ bxc5 27. Qc1 Rd4
28. Rge3 Rcd8 29. Bc2 Ba8 30. f3 Rh4 31. g3 Rhd4 32. Qe1 R8d6 33. Nd3 Qd8 34.
Nf2 Bc6 35. Kg2 Qa8 36. Ne4 Bxe4 37. Bxe4 Qd8 38. Bc2 Nd7 39. Re4 Nb8 40. Rxd4
Rxd4 41. Re4 Rd2+ 42. Re2 Rd6 43. Be4 Qb6 44. Qc3 Qd8 45. Qe1 Rd1 46. Qc3 Na6
47. Bc2 Rd4 48. Be4 Nb4 49. Bc2 h5 50. Rf2 h4 51. Re2 Qg5 52. Be4 Qf6 53. Rd2
h3+ 54. Kf2 Qe5 55. Rxd4 cxd4 56. Qd2 g5 57. Bd3 Ke7 58. Qe2 f5 59. Qd2 Kd6 60.
Bb1 f4 61. g4 Kc5 62. Qe2 Qe3+ 63. Qxe3 dxe3+ 64. Ke2 Kd4 65. Be4 Na6 66. Bc6
Nc5 67. Bb5 Nxb3 68. Bd7 e5 69. Bb5 Nc5 70. Ke1 Kd3 71. Kd1 e2+ 72. Ke1 Ke3 0-1

[Event "Canada Day op"]
[Site "Richmond CAN"]
[Date "2022.07.01"]
[Round "1.3"]
[White "Wang, Jerry"]
[Black "Landingin, Jofrel"]
[Result "1-0"]
[WhiteElo "2080"]
[BlackElo "1810"]
[PlyCount "61"]
[EventDate "2022.07.01"]
[EventType "swiss"]
[EventRounds "6"]
[EventCountry "CAN"]

1. c4 g6 2. Nc3 Bg7 3. g3 Nf6 4. Bg2 O-O 5. d4 d6 6. Nf3 Nbd7 7. O-O a5 8. Re1
c5 9. d5 Re8 10. Qc2 Nf8 11. e4 e5 12. dxe6 Nxe6 13. Bd2 Ng4 14. Nd5 Ne5 15.
Nxe5 dxe5 16. Bc3 Nd4 17. Qd2 Ra6 18. Rf1 f5 19. Rae1 fxe4 20. Bxe4 Bh3 21. Bg2
Bxg2 22. Kxg2 e4 23. Qf4 g5 24. Qc7 Qd6 25. Qxb7 g4 26. Bxd4 Bxd4 27. Nc7 Rb6
28. Nxe8 Qh6 29. Qxe4 Qh3+ 30. Kg1 Rh6 31. Qg2 1-0

[Event "Canada Day op"]
[Site "Richmond CAN"]
[Date "2022.07.01"]
[Round "2.1"]
[White "Taylor, Ashton"]
[Black "Zhu, Brandon"]
[Result "1/2-1/2"]
[WhiteElo "1890"]
[BlackElo "2176"]
[PlyCount "85"]
[EventDate "2022.07.01"]
[EventType "swiss"]
[EventRounds "6"]
[EventCountry "CAN"]

1. e4 d6 2. Nf3 Nf6 3. Nc3 e5 4. d4 Nbd7 5. Rg1 exd4 6. Nxd4 Ne5 7. f4 Nc6 8.
Nxc6 bxc6 9. g4 d5 10. g5 Nxe4 11. Nxe4 dxe4 12. Qxd8+ Kxd8 13. Be3 Ke8 14.
O-O-O a5 15. Rd4 Bf5 16. Rc4 Kd7 17. Bg2 Re8 18. Ra4 Ra8 19. Bxe4 Bxe4 20. Rxe4
Bd6 21. Bd2 Rhe8 22. Rxe8 Rxe8 23. Kd1 Rb8 24. Kc1 a4 25. Rg4 a3 26. Bc3 g6 27.
bxa3 Bxa3+ 28. Kd2 Bd6 29. a4 Ke6 30. Rh4 Rd8 31. Ke3 Bc5+ 32. Ke2 Bd6 33. Kf3
Rb8 34. Rxh7 Bb4 35. Be5 Ra8 36. c3 Ba3 37. Bxc7 Rxa4 38. Be5 Bb2 39. Ke2 Bc1
40. Rh4 Kf5 41. Rh7 Ke6 42. Rh4 Kf5 43. Rh7 1/2-1/2

[Event "Canada Day op"]
[Site "Richmond CAN"]
[Date "2022.07.01"]
[Round "2.2"]
[White "Roback, Joe"]
[Black "Duburg, Jamie"]
[Result "1-0"]
[WhiteElo "2092"]
[BlackElo "1904"]
[PlyCount "103"]
[EventDate "2022.07.01"]
[EventType "swiss"]
[EventRounds "6"]
[EventCountry "CAN"]

1. e4 d5 2. exd5 Qxd5 3. Nc3 Qa5 4. d4 Nf6 5. Nf3 Bg4 6. h3 Bh5 7. g4 Bg6 8.
Ne5 c6 9. h4 Nbd7 10. Nc4 Qc7 11. h5 Be4 12. Rh3 Bd5 13. g5 Ne4 14. Nxd5 cxd5
15. Na3 e6 16. Nb1 Be7 17. f4 f5 18. Bd3 Bd6 19. Qf3 O-O-O 20. Qf1 Kb8 21. Rf3
h6 22. g6 Ndf6 23. Rh3 Rhf8 24. Rh4 Qb6 25. c3 Qc7 26. Nd2 a5 27. a4 Rc8 28.
Nb1 Nxh5 29. Rxh5 Ng3 30. Qh3 Nxh5 31. Qxh5 Bxf4 32. Nd2 Bxd2+ 33. Kxd2 Rf6 34.
Kc2 Qg3 35. Bd2 Qxg6 36. Qh2+ Ka7 37. Bf4 Qf7 38. Be5 Rg6 39. Be2 Rg8 40. Bc7
Rf6 41. Bxa5 Qd7 42. Bc7 Rf7 43. Bd6 g5 44. a5 f4 45. Bc5+ Ka8 46. a6 b6 47.
Bxb6 g4 48. Qxh6 f3 49. Bf1 g3 50. Bh3 g2 51. Bxe6 Qc6 52. Bxf7 1-0

[Event "Canada Day op"]
[Site "Richmond CAN"]
[Date "2022.07.01"]
[Round "2.3"]
[White "Qin, Kaiqi"]
[Black "Wang, Jerry"]
[Result "1/2-1/2"]
[WhiteElo "1743"]
[BlackElo "2080"]
[PlyCount "67"]
[EventDate "2022.07.01"]
[EventType "swiss"]
[EventRounds "6"]
[EventCountry "CAN"]

1. e4 e5 2. Nc3 Nc6 3. Bc4 Nf6 4. d3 d6 5. Nge2 Be7 6. O-O O-O 7. Ng3 Na5 8.
Bb3 Nxb3 9. axb3 d5 10. exd5 Nxd5 11. Nxd5 Qxd5 12. Be3 b6 13. f4 Bb7 14. Qd2
Bb4 15. c3 Bc5 16. Bxc5 Qxc5+ 17. Qf2 Qb5 18. fxe5 Qxd3 19. Nf5 Be4 20. Rad1
Qb5 21. Ne7+ Kh8 22. Qd4 Rae8 23. Qxe4 Rxe7 24. e6 Rxe6 25. Rxf7 Ree8 26. Rxf8+
Rxf8 27. Qe7 Qf5 28. h3 Qf2+ 29. Kh1 Rg8 30. Rd8 Qf1+ 31. Kh2 Qf4+ 32. Kh1 h6
33. Rxg8+ Kxg8 34. Qe2 1/2-1/2

[Event "Canada Day op"]
[Site "Richmond CAN"]
[Date "2022.07.02"]
[Round "3.1"]
[White "Zhu, Brandon"]
[Black "Roback, Joe"]
[Result "1-0"]
[WhiteElo "2176"]
[BlackElo "2092"]
[PlyCount "71"]
[EventDate "2022.07.01"]
[EventType "swiss"]
[EventRounds "6"]
[EventCountry "CAN"]

1. d4 d5 2. Nf3 Nf6 3. c4 c6 4. e3 e6 5. b3 Bd6 6. Bd3 Nbd7 7. O-O O-O 8. Bb2
b6 9. Nc3 Re8 10. Qc2 Bb7 11. e4 dxe4 12. Nxe4 Nxe4 13. Bxe4 Nf6 14. Bd3 h6 15.
c5 Bc7 16. Rfd1 Nd5 17. a3 Rc8 18. Rac1 Bf4 19. Rb1 Bb8 20. Bh7+ Kh8 21. Bd3
Nf4 22. Bf1 Qd5 23. Bc1 Red8 24. Bxf4 Bxf4 25. Bc4 Qh5 26. Qe4 Bb8 27. Bd3 Kg8
28. Bc4 bxc5 29. g4 Qh3 30. Bf1 Bxh2+ 31. Kh1 Qxf3+ 32. Qxf3 Bd6 33. dxc5 Bxc5
34. Rxd8+ Rxd8 35. Rd1 Rb8 36. b4 1-0